01792 a2200313 4500003000500000005001700005010001700022020002200039020001800061035002300079040000900102082001500111100002400126245013600150260003200286300003600318440005700354505054800411650002600959650004800985650002901033650006401062700002301126856009101149856008101240942001301321999001901334952012501353Nust20221006124843.0 a 2005923524 a1852339756 (hbk.) a9781852339753 a(OCoLC)ocm58455037 cNust04a629.13,KON1 aKonar, Amit.98206210aCognitive engineering :ba distributed approach to machine intelligence /cAmit Konar and Lakhmi Jain ; foreword by Witold Pedrycz. aLondon :bSpringer,cc2005. axviii, 353 p. :bill. ;c25 cm. 0aAdvanced information and knowledge processing921651 aThe Psychological Basics of Cognitive Modeling (Page-1), Parallel and Distributed Logic Programming (Page-39), Distributed Reasoning (Page-85), Belief Propagation and Belief Revision Models in Fuzzy (Page-123), Building Expert Systems Using Fuzzy Petri Nets (Page-153), Distributed Learning (Page-181), Unspervised Learning (Page-205), Supervised Learning (Page-233), Distributed Modeling of Abduction, Reciprocity (Page-257), Human Mood Detection and Control (Page-297), Distributed Planning and Multi-agent Coordination of Robots (Page-331). 0aCognitive psychology. 0aDistributed artificial intelligence.982051 0aFuzzy Petri nets.999284 0aNeural networks (Neurobiology)xMathematical models.9992851 aJain, L. C.982029413Publisher descriptionuhttp://www.loc.gov/catdir/enhancements/fy0662/2005923524-d.html413Table of contents onlyuhttp://www.loc.gov/catdir/toc/fy0609/2005923524.html cREF2ddc c178725d178725 00102ddc4070aMCSbMCScREFd2016-12-12o629.13,KONpMCS32509r2016-12-08w2016-12-12yREFzAlmirah No 24, Shelf No 1